000 00597nam a2200241Ia 4500
003 OSt
005 20220924140647.0
006 a|||||r|||| 00| 0
007 ta
008 220923b |||||||| |||| 00| 0 ben d
020 _a8172152752 (hbk)
024 _a295864
037 _cTextual
040 _aARTS
_cARTS
_bben
041 _2ben
_aben
082 _aO157,3N10w, N4
100 _aGhosh
_9104906
245 0 _aSubodh ghosh
_b Bada bismay
260 _c1994
650 _aBENGALI LITERATURE
942 _hO157,3N10w, N4
_cTEXL
_2CC
999 _c445007
_d445007